000 00684nam a2200289Ia 4500
005 20260324111500.0
008 008 260324s9999 xx 000 0 eng d
020 _a9781003565413
037 _aEBOOK
040 _aCRL
040 _beng
040 _cCRL
041 _2eng
041 _aeng
084 _qCRL
100 _aAlfred I. Tauber
_91138745
245 0 _aWilliam James and Sigmund Freud on the Mind
245 0 _bSaving Subjectivity
260 _bTaylor and Francis
260 _c2025
365 _a
365 _b220
856 _uhttp://www.taylorfrancis.com/books/9781003565413
942 _cEBOOK
999 _c1727584
_d1727584